000 00335nam a2200157Ia 4500
100 _aNayar/Alok
650 _aMETALS
942 _cBK
366 _f15
654 _atesting
245 _aTesting of metals
260 _bTata Mc Graw hill Ltd.
_aNew Delhi
_c2005
082 _a671.540/NAY
_bNAY
300 _a202
546 _aENGLISH
999 _c25184
_d25184